000 00411pab a2200169 454500
008 180718b2008 xxu||||| |||| 00| 0 eng d
100 _aSen, Binayak
245 _aThoughts on Alma-Ata and beyond
260 _c2008
300 _ap.36-39.
362 _a22 Nov
650 _aHealth services - India
650 _aHealth services
773 _aEconomic and Political Weekly
908 _aN
909 _a80307
999 _c80307
_d80307